Tuntutan solat jamaah

Bibliographic Details
Main Author: T.M.Hasbi Ash Shiddieqy
Format: Book
Published: Batu Caves : Thinker's Library Sdn.Bhd , 1995
Subjects:

MARC

LEADER 00000cam a2200000 7i4500
001 0000008962
002 000009763
005 20000330.0
020 |a 9676900885 
090 0 0 |a 297.382   |b TMH 
100 0 |a T.M.Hasbi Ash Shiddieqy 
245 1 0 |a Tuntutan solat jamaah   |c T.M.Hasbi Shiddieqy 
260 |a Batu Caves :   |b Thinker's Library Sdn.Bhd ,   |c 1995 
300 |a 216 p. ;   |c 22 cm. 
650 0 0 |a Prayer   |x Islam 
999 |a 00062630   |b BUKU   |c PINJAMAN   |e PERPUSTAKAAN KOMUNITI CAW TAMAN MEDAN 
999 |a 043802   |b BUKU   |c PINJAMAN   |e PERPUSTAKAAN KOMUNITI PETALING JAYA 
999 |a 043803   |b BUKU   |c PINJAMAN   |e PERPUSTAKAAN KOMUNITI PETALING JAYA 
999 |a 043872   |b BUKU   |c PINJAMAN   |e PERPUSTAKAAN KOMUNITI PETALING JAYA